|
|
|
|
| LEADER |
00000nam a2200000Ii 4500 |
| 001 |
DIGEDUNAV0289 |
| 003 |
NyNyDIG |
| 006 |
m o d |
| 007 |
cr ||||||||||| |
| 008 |
220606s2007 sp ob 000 0 spa d |
| 035 |
|
|
|a (OCoLC)847484004
|
| 040 |
|
|
|a DGITA
|b eng
|e rda
|e pn
|c DGITA
|
| 020 |
|
|
|z 9788431324452
|
| 050 |
1 |
4 |
|a GT511 ebook
|
| 245 |
0 |
0 |
|a Distinción social y moda /
|c Ana Marta González González, Alejandro Néstor García Martínez (editores)
|
| 264 |
|
1 |
|a Pamplona, España :
|b EUNSA, Ediciones Universidad de Navarra,
|c [2007]
|
| 300 |
|
|
|a 1 online resource.
|
| 336 |
|
|
|a text
|b txt
|2 rdacontent
|
| 337 |
|
|
|a computer
|b c
|2 rdamedia
|
| 338 |
|
|
|a online resource
|b cr
|2 rdacarrier
|
| 347 |
|
|
|a text file
|2 rdaft
|
| 347 |
|
|
|b PDF
|
| 490 |
1 |
|
|a Colección de ciencias sociales ;
|v 1
|
| 504 |
|
|
|a Includes bibliographical references and index.
|
| 588 |
0 |
|
|a Online resource; title from PDF title page (Digitalia, viewed June 6, 2022)
|
| 650 |
|
0 |
|a Clothing and dress
|x History.
|
| 650 |
|
0 |
|a Clothing and dress
|x Social aspects.
|
| 650 |
|
0 |
|a Group identity.
|
| 655 |
|
0 |
|a Electronic books.
|
| 700 |
1 |
|
|a González, Ana Marta,
|d 1969-
|e editor.
|
| 700 |
1 |
|
|a García Martínez, Alejandro Néstor,
|d 1977-
|e editor.
|
| 791 |
2 |
|
|a Digitalia (Firm),
|e distributor.
|
| 793 |
0 |
|
|g Digitalia eBook Collection:
|a Ediciones Universidad de Navarra
|
| 776 |
0 |
8 |
|i Print version:
|t Distinción social y moda.
|b Primera edición.
|d Pamplona, España : EUNSA, Ediciones Universidad de Navarra, [2007]
|z 9788431324452
|
| 830 |
|
0 |
|a Colección Ciencias sociales (Ediciones Universidad de Navarra, S.A.) ;
|v 1.
|
| 856 |
4 |
0 |
|3 Digitalia Hispánica
|u https://www.digitaliapublishing.com/a/51677/
|
| 910 |
|
|
|a Premium collection: 2022
|